[Event "FRA-chT2O 0203"]
[Site "France"]
[Date "2003.04.06"]
[Round "11.9"]
[White "Tete, Olga"]
[Black "Wolfangel, Florence"]
[Result "0-1"]
[WhiteElo "1660"]
[BlackElo "2010"]
[PlyCount "106"]
[EventDate "2002.10.??"]
[EventType "team"]
[EventRounds "11"]
[EventCountry "FRA"]
[SourceTitle "EXT 2004"]
[Source "ChessBase"]
[SourceDate "2003.11.25"]
[SourceVersion "1"]
[SourceVersionDate "2003.11.25"]
[SourceQuality "1"]
[WhiteTeam "Epinal"]
[BlackTeam "Chalons en Champagne"]
[WhiteTeamCountry "FRA"]
[BlackTeamCountry "FRA"]

1. d4 Nf6 2. Nc3 g6 3. e4 d6 4. Bc4 Bg7 5. h3 0-0 6. Nf3 a6 7. Be3 b5 8. Bd3 Bb7 9. d5 c5 10. Nd2 Nbd7 11. a3 Rc8 12. Na2 c4 13. Be2 Nc5 14. Bxc5 dxc5 15. c3 Qd6 16. Qc2 e6 17. dxe6 Qxe6 18. Bf3 Nxe4 19. 0-0 Nxd2 20. Bxb7 Nxf1 21. Bxc8 Rxc8 22. Rxf1 Re8 23. Nc1 Bh6 24. Qd1 Qe7 25. Qf3 Rd8 26. Rd1 Bxc1 27. Rxc1 Rd2 28. Rb1 Qg5 29. Kh2 Qe5+ 30. g3 Kg7 31. Kg2 Qd5 32. Qxd5 Rxd5 33. Kf3 Rd2 34. Ke3 Rc2 35. g4 Kf6 36. h4 h5 37. g5+ Ke5 38. Kf3 Kf5 39. Kg3 a5 40. Kf3 b4 41. axb4 axb4 42. cxb4 cxb4 43. Kg3 Ke4 44. Re1+ Kd3 45. Re7 Rxb2 46. Rxf7 c3 47. Rd7+ Ke2 48. Kg2 Rd2 49. Re7+ Kd1 50. Re4 c2 51. Rxb4 c1Q 52. Rf4 Qc6+ 53. Kg1 Qd5 0-1

[Event "FRA-chT2O 0203"]
[Site "France"]
[Date "2002.10.13"]
[Round "1.9"]
[White "Tete, Olga"]
[Black "Gras, Delphine"]
[Result "0-1"]
[WhiteElo "1660"]
[BlackElo "1840"]
[PlyCount "82"]
[EventDate "2002.10.??"]
[EventType "team"]
[EventRounds "11"]
[EventCountry "FRA"]
[SourceTitle "EXT 2004"]
[Source "ChessBase"]
[SourceDate "2003.11.25"]
[SourceVersion "1"]
[SourceVersionDate "2003.11.25"]
[SourceQuality "1"]
[WhiteTeam "Epinal"]
[BlackTeam "Strasbourg"]
[WhiteTeamCountry "FRA"]
[BlackTeamCountry "FRA"]

1. d4 d5 2. Nc3 Nf6 3. Bg5 Bf5 4. Bxf6 exf6 5. a3 Nc6 6. e3 Qd7 7. Bb5 Qe6 8. Qd2 a6 9. Ba4 b5 10. Bb3 Rd8 11. Nge2 Ne7 12. Nf4 Qc6 13. 0-0 g5 14. Nh5 Bg6 15. Qe2 h6 16. f4 Nf5 17. g3 Qe6 18. e4 Nxd4 19. Nxf6+ Qxf6 20. Qg2 Nxb3 21. cxb3 dxe4 22. Rfe1 Qd4+ 23. Kh1 f5 24. Red1 Qf6 25. Rxd8+ Qxd8 26. Rd1 Qf6 27. Nd5 Qc6 28. Qd2 Bd6 29. Rc1 Qb7 30. Qd4 Rf8 31. fxg5 hxg5 32. Nf6+ Ke7 33. Nd5+ Ke6 34. Ne3 c5 35. Qd1 Rh8 36. Kg1 Bh5 37. g4 Bxh2+ 38. Kg2 Bxg4 39. Nxg4 e3+ 40. Kf1 Qh1+ 41. Ke2 Qg2+ 0-1

[Event "FRA-chT2"]
[Site "France"]
[Date "2002.02.??"]
[Round "7"]
[White "Tete, Olga"]
[Black "Baldi, Audrey Jeanne"]
[Result "1/2-1/2"]
[WhiteElo "1670"]
[BlackElo "1800"]
[PlyCount "97"]
[EventDate "2002.??.??"]
[EventType "team"]
[EventRounds "11"]
[EventCountry "FRA"]
[SourceTitle "EXT 2003"]
[Source "ChessBase"]
[SourceDate "2002.11.25"]
[SourceVersion "1"]
[SourceVersionDate "2002.11.25"]
[SourceQuality "1"]

1. d4 d5 2. Nc3 Nf6 3. Bg5 Bf5 4. e3 c6 5. Bd3 Bg6 6. Bxf6 gxf6 7. Qd2 e5 8. a3 Bd6 9. Be2 Qc7 10. g3 Nd7 11. Nf3 0-0-0 12. Nh4 f5 13. Qd1 Rde8 14. Kf1 Be7 15. Ng2 Bd6 16. b4 exd4 17. Qxd4 Be5 18. Qd2 Nf6 19. Rb1 Rd8 20. Na4 Ne4 21. Qe1 b5 22. Nc5 Bc3 23. Qc1 Nd2+ 24. Kg1 Nxb1 25. Qxb1 Be5 26. Qb3 Bd6 27. Nd3 Qb6 28. Ndf4 d4 29. exd4 Qxd4 30. Bf3 Bxf4 31. Nxf4 Qb6 32. Qc3 Kb7 33. Kg2 Rhe8 34. Nd3 Rxd3 35. Qxd3 Rd8 36. Qc3 Rd6 37. Rd1 Rxd1 38. Bxd1 Qc7 39. Bf3 Qd6 40. h4 f6 41. h5 Bf7 42. Qd3 Qxd3 43. cxd3 Kc7 44. Kf1 Kd6 45. d4 Bd5 46. Bd1 Bf7 47. Bf3 Bd5 48. Bd1 Bc4+ 49. Ke1 1/2-1/2

[Event "FRA-chT2"]
[Site "France"]
[Date "2002.01.??"]
[Round "6"]
[White "Kuchly, Sylvain"]
[Black "Tete, Olga"]
[Result "1-0"]
[WhiteElo "1770"]
[BlackElo "1670"]
[PlyCount "113"]
[EventDate "2002.??.??"]
[EventType "team"]
[EventRounds "11"]
[EventCountry "FRA"]
[SourceTitle "EXT 2003"]
[Source "ChessBase"]
[SourceDate "2002.11.25"]
[SourceVersion "1"]
[SourceVersionDate "2002.11.25"]
[SourceQuality "1"]

1. e4 e5 2. f4 d6 3. Bc4 Nf6 4. d3 Bg4 5. Nf3 a6 6. fxe5 dxe5 7. Bxf7+ Ke7 8. Bb3 h6 9. Be3 Qd6 10. Nbd2 b5 11. 0-0 Nc6 12. Qe1 Bxf3 13. Nxf3 Ke8 14. Nh4 Ne7 15. Qc3 Nd7 16. Nf5 Nxf5 17. Rxf5 Be7 18. Bd5 Rc8 19. Bc6 Bf6 20. a4 b4 21. Qc4 a5 22. Qa6 Ke7 23. Bb7 Rb8 24. Qxd6+ Kxd6 25. Bd5 c6 26. Bb3 c5 27. Rff1 Rhf8 28. g3 Nb6 29. Kg2 Na8 30. Rf2 Be7 31. Raf1 Rxf2+ 32. Rxf2 Rf8 33. Kh3 Rxf2 34. Bxf2 Bg5 35. Bf7 Nb6 36. b3 Nd7 37. Kg4 Ke7 38. Bc4 Bf6 39. Bb5 g6 40. Kf3 Ke6 41. Bxd7+ Kxd7 42. Bxc5 Kc6 43. Bf2 Bd8 44. d4 Kd6 45. Ke2 exd4 46. Bxd4 Bc7 47. g4 Ke6 48. h3 Kf7 49. Kd3 h5 50. Kc4 hxg4 51. hxg4 Ke6 52. Kb5 Bd8 53. Bb6 Bxb6 54. Kxb6 Ke5 55. Kxa5 Kxe4 56. Kxb4 Kf4 57. a5 1-0